[Event "36 Abierto Ciudad de Sevilla"]
[Site "?"]
[Date "2011.01.14"]
[Round "8"]
[White "Condenotti, Marco"]
[Black "Das, Arghyadip"]
[Result "1/2-1/2"]
[WhiteElo "2264"]
[BlackElo "2479"]
[PlyCount "41"]
[EventDate "2011.01.14"]
[SourceDate "2011.01.07"]

1. e4 c5 2. Nf3 d6 3. d4 cxd4 4. Nxd4 Nf6 5. Nc3 a6 6. Be2 e6 7. O-O Be7 8. f4
Nc6 9. Be3 O-O 10. Qe1 Nxd4 11. Bxd4 b5 12. Rd1 Qc7 13. e5 dxe5 14. fxe5 Nd7
15. Ne4 Bb7 16. Nf6+ Nxf6 17. exf6 Bc5 {Diagrama #} 18. fxg7 (18. Qh4 Qe5 19.
Bxc5 Qxc5+ 20. Rf2 Rfd8 21. Rxd8+ Rxd8 22. fxg7 Rd7 $16 {1/2-1/2 en 47
Hernandez Carmenates,H (2446)-Ortiz Suarez,I (2399)/Santa Clara 2005}) 18...
Rfd8 19. Bxc5 Qxc5+ 20. Qf2 $6 (20. Rf2) 20... Qxf2+ 21. Kxf2 1/2-1/2

[Event "36 Abierto Ciudad de Sevilla"]
[Site "?"]
[Date "2011.01.14"]
[Round "8"]
[White "Urbina Perez, Juan Antonio"]
[Black "Estrada Nieto, Julian"]
[Result "1-0"]
[WhiteElo "2189"]
[BlackElo "2309"]
[PlyCount "45"]
[EventDate "2011.01.14"]
[SourceDate "2011.01.07"]

1. e4 e5 2. Nf3 Nc6 3. Bb5 a6 4. Ba4 Nf6 5. Qe2 b5 6. Bb3 d6 7. c3 Be7 8. d4
O-O 9. Nbd2 exd4 10. cxd4 Bg4 11. Qe3 Na5 12. Bc2 c5 13. O-O Re8 14. dxc5 dxc5
15. e5 {Diagrama #} Bf8 $2 16. Qg5 $16 (16. Qf4 $18 Bxf3 17. Nxf3 Nd5 18. Bxh7+
Kxh7 19. Ng5+ $18) 16... Bxf3 $6 (16... h6 17. Qh4 Bxf3 18. Nxf3 Nd7 19. Qg3
Qe7 20. Bf4 $16) 17. Nxf3 Nd5 18. Bxh7+ Kxh7 19. Qh5+ Kg8 20. Ng5 Nf6 21. exf6
Qd3 22. Qxf7+ Kh8 23. Qh5+ 1-0

[Event "36 Abierto Ciudad de Sevilla"]
[Site "?"]
[Date "2011.01.14"]
[Round "8"]
[White "Aranaz Murillo, Amalia"]
[Black "Piasetski, Leon"]
[Result "0-1"]
[WhiteElo "2137"]
[BlackElo "2303"]
[PlyCount "44"]
[EventDate "2011.01.14"]
[SourceDate "2011.01.07"]

1. Nf3 f5 2. c4 Nf6 3. g3 d6 4. d4 e6 5. Bg2 Be7 6. O-O O-O 7. Nc3 Qe8 8. Qc2
Qh5 9. e4 (9. Bf4 $14) 9... Nc6 (9... fxe4 10. Nxe4 Nc6 11. h3 e5) 10. exf5 e5
11. dxe5 Bxf5 (11... dxe5) 12. Qb3 $14 Nxe5 13. Nxe5 dxe5 14. Qxb7 Bc5 $1 15.
h4 (15. Qxc7 Ng4 16. h4 Rac8 17. Qb7 Nxf2 $17) 15... Bd4 16. Nd5 Bd3 17. Nxf6+
gxf6 {Diagrama #} 18. Qb3 $2 (18. Re1 Bxc4 (18... Rab8 19. Qxc7 Rfc8 20. Bd5+
Kh8 21. Qd6 $14) 19. Qb4 Qf7 20. Bxa8 Rxa8 21. Be3 $14) 18... Qg6 $17 19. h5 $2
(19. c5+ Kh8 20. Re1) 19... Qxg3 $19 20. Bh6 Rfb8 21. Qa3 Rxb2 22. Qxb2 Be4 0-1

[Event "36 Abierto Ciudad de Sevilla"]
[Site "?"]
[Date "2011.01.14"]
[Round "8"]
[White "Burgos Figueroa, Carlos E."]
[Black "Fernandez-Martos Machado, Eduar"]
[Result "1-0"]
[WhiteElo "2280"]
[BlackElo "2129"]
[PlyCount "97"]
[EventDate "2011.01.14"]
[SourceDate "2011.01.07"]

1. e4 c5 2. Nf3 Nf6 3. Nc3 e6 4. d3 b6 5. g3 Bb7 6. Bg2 Be7 7. O-O d6 8. h3 O-O
9. Nh2 Nc6 10. f4 Nd4 11. g4 Qc7 12. Be3 Rfe8 13. g5 Nd7 14. Ne2 Rac8 15. Rf2
Nxe2+ 16. Qxe2 d5 17. Ng4 dxe4 18. dxe4 c4 19. Raf1 Bc5 20. Kh1 Bxe3 21. Nxe3
c3 22. b3 (22. b4) 22... Nc5 $15 23. Nc4 Rcd8 (23... b5 24. Ne5 b4) 24. Qe3 (
24. e5) 24... b5 25. Ne5 b4 26. Re1 Qd6 27. Nc4 Qd4 28. Qxd4 Rxd4 29. e5 Ne4
30. Bxe4 Bxe4+ 31. Kh2 Red8 32. Nd6 Bg6 33. Kg3 Kf8 34. Ref1 Bf5 35. Ra1 {
Diagrama #} Rd7 (35... R4xd6 36. exd6 Rxd6 37. a3 Ra6 38. a4 Rd6 $15) 36. a3
$14 bxa3 (36... h6) 37. Rxa3 (37. Rf3 $16) 37... Rd2 38. b4 Rc7 39. Ra2 (39.
Nb5 Rc4 40. Rxc3 Rxc3+ 41. Nxc3 $16) 39... Ke7 (39... Bxh3) 40. h4 f6 (40...
Rxd6 $5 41. exd6+ Kxd6 42. Rf1 Kd5) 41. Nb5 $16 Rc4 (41... Rb7) 42. Rxa7+ $18
Kf8 43. Nd6 Rxf2 44. exf6 gxf6 45. Nxc4 Rxc2 46. gxf6 Be4 47. Nd6 Rb2 48. Kh3
c2 49. Rd7 1-0

[Event "36 Abierto Ciudad de Sevilla"]
[Site "?"]
[Date "2011.01.14"]
[Round "8"]
[White "Garcia Jimenez, Fco Javie"]
[Black "Morales Araujo, Fco Javie"]
[Result "1-0"]
[WhiteElo "2274"]
[BlackElo "2106"]
[PlyCount "47"]
[EventDate "2011.01.14"]
[SourceDate "2011.01.07"]

1. e4 c5 2. Nc3 Nc6 3. g3 Nf6 4. Bg2 e6 5. Nge2 d5 6. exd5 exd5 7. d4 cxd4 8.
Nxd4 Bg4 9. Qd3 Bc5 10. Nxc6 bxc6 11. O-O O-O 12. Na4 Qa5 (12... Bd6) 13. Nxc5
Qxc5 14. Be3 $14 Qd6 15. c4 Rfd8 16. cxd5 (16. Rfe1 $5) 16... Nxd5 17. Rac1
Nxe3 (17... Qe6) 18. Qxe3 Qd2 (18... Rac8) 19. Qa3 (19. Rxc6 Rab8 20. Qxa7 Rxb2
21. a4 $14) 19... Be2 20. Rfe1 Rab8 21. b3 a5 22. Qc5 Rbc8 (22... Bb5) 23. Qc2
{Diagrama #} c5 $2 24. Rxe2 1-0

[Event "36 Abierto Ciudad de Sevilla"]
[Site "?"]
[Date "2011.01.14"]
[Round "8"]
[White "Montero Campuzano, Rafael"]
[Black "Ladron de Guevara Pinto, Paolo"]
[Result "0-1"]
[WhiteElo "2069"]
[BlackElo "2267"]
[PlyCount "94"]
[EventDate "2011.01.14"]
[SourceDate "2011.01.07"]

1. c4 c5 2. g3 g6 3. Bg2 Bg7 4. Nc3 e5 5. Nf3 Ne7 6. O-O O-O 7. a3 Nbc6 8. Rb1
a5 9. d3 d6 10. Bd2 f5 11. Nd5 Nxd5 12. cxd5 Ne7 13. b4 axb4 14. axb4 b6 15.
Bg5 $6 h6 16. Bxe7 Qxe7 $15 17. Nd2 Ba6 18. b5 Bc8 19. Qb3 h5 20. e4 f4 21. Ra1
Rb8 22. Ra4 Bh6 23. Nf3 Bg4 24. Qa2 Qd7 25. Ra6 fxg3 26. fxg3 Qxb5 27. Qc4 Qd7
$19 {Diagrama #} 28. Nh4 Be3+ 29. Kh1 Rxf1+ 30. Bxf1 Qf7 31. Bg2 Rf8 32. Ra1
Bd4 33. Rb1 Qf2 34. Qc1 Be3 35. Qe1 Qxe1+ 36. Rxe1 Bd4 37. Nxg6 Rf7 38. h3 Bd7
39. Rf1 b5 40. Nh4 b4 41. Rxf7 Kxf7 42. Bf3 Ba4 43. Bxh5+ Kg8 44. Nf3 Bc3 45.
Ng1 b3 46. Bd1 b2 47. Bxa4 b1=Q 0-1

[Event "36 Abierto Ciudad de Sevilla"]
[Site "?"]
[Date "2011.01.14"]
[Round "8"]
[White "Korneev, Oleg"]
[Black "Van Hoolandt, Patrick"]
[Result "1-0"]
[WhiteElo "2576"]
[BlackElo "2158"]
[PlyCount "71"]
[EventDate "2011.01.14"]
[SourceDate "2011.01.07"]

1. e4 e5 2. Bc4 Nc6 3. Nc3 Nf6 4. d3 Bc5 5. Bg5 h6 6. Bh4 d6 7. Na4 Bb6 8. Nxb6
axb6 9. Ne2 g5 10. Bg3 Na5 11. Nc3 Nxc4 12. dxc4 Be6 13. b3 h5 14. f3 (14. h4)
14... h4 15. Bf2 Nh5 16. Qd2 Nf4 17. Be3 (17. O-O) 17... h3 $15 18. g3 Ng2+ 19.
Kd1 Qf6 (19... g4 20. fxg4 Qf6) 20. Rf1 Nxe3+ 21. Qxe3 g4 (21... Qg6) 22. Kc1
gxf3 23. Kb2 Qg7 24. Rxf3 {Diagrama #} O-O-O $14 (24... Kd7) 25. a4 Bg4 26. Rf2
f5 (26... Kb8 27. Nd5 $16) 27. exf5 $18 Rdf8 28. Raf1 Rh6 29. Nd5 e4+ 30. f6
Qh7 31. Rf4 Bf3 32. g4 Rh4 33. g5 Rxf4 34. Qxf4 c6 35. g6 Qh5 36. g7 1-0

[Event "36 Abierto Ciudad de Sevilla"]
[Site "?"]
[Date "2011.01.14"]
[Round "8"]
[White "Fernandez Romero, Ernesto"]
[Black "Spraggett, Kevin"]
[Result "1/2-1/2"]
[WhiteElo "2453"]
[BlackElo "2575"]
[PlyCount "128"]
[EventDate "2011.01.14"]
[SourceDate "2011.01.07"]

1. e4 c5 2. c3 d6 3. d4 Qc7 4. Nf3 g6 5. h3 Bg7 6. Be3 Nd7 7. Nbd2 Ngf6 8. Bd3
O-O 9. O-O b6 10. Qe2 Bb7 11. Rfe1 Rae8 12. a4 e5 13. dxe5 Nxe5 14. Nxe5 Rxe5
15. Bf4 Re6 16. Qf1 Rfe8 17. Red1 (17. Bc4 R6e7 18. Bb5 $14) 17... Nh5 (17...
Nxe4 18. Nxe4 Bxe4 19. Bxe4 Rxe4 20. Bxd6) 18. Bh2 Be5 {Diagrama #} 19. f4 $2 (
19. Bxe5 Rxe5 (19... dxe5 20. g3) 20. f4 R5e7 21. Re1) 19... Nxf4 20. Bxf4 Rf6
21. g3 g5 22. Nf3 gxf4 $19 23. g4 h5 24. gxh5 Kh8 25. Rd2 c4 26. Bc2 Bc8 27.
Nxe5 dxe5 28. Qf3 Qc5+ 29. Kh2 Qe3 (29... Rg8) 30. Qxe3 fxe3 31. Rg2 Rg8 32.
Rxg8+ Kxg8 33. Rg1+ Kh7 34. Bd1 Rf2+ 35. Kg3 Bb7 36. Re1 Bxe4 37. Rxe3 Rg2+ 38.
Kh4 f5 39. Be2 Kh6 40. Bxc4 Rxb2 41. Re1 Rd2 (41... Rf2 42. Rd1 Rf4+ 43. Kg3
Kxh5 $19) 42. a5 $17 bxa5 43. Ra1 Bd5 44. Bb5 Ba2 45. Rg1 Bf7 46. Ra1 a6 (46...
f4 47. Rxa5 Ra2 48. Rxa2 Bxa2 49. c4 a5 50. Kg4 $1 (50. c5 Be6 $19) 50... a4 (
50... Bb3 51. Kf5 a4 52. c5 a3 53. c6 a2 54. c7 Bc2+ 55. Kf6 a1=Q 56. c8=Q e4+)
51. Bxa4 (51. Kf5 a3) 51... Bxc4 52. Bc6 Be6+ 53. Kh4 Bf5 54. Bd7 Bd3 55. Bg4
$11) 47. Bxa6 Ra2 48. Rd1 (48. Rxa2 Bxa2 49. Bb5 Bb3 $19) 48... Bxh5 49. Rd6+
Bg6 50. Bb5 Rg2 51. c4 f4 52. c5 Kg7 53. c6 Bf5 54. c7 Rc2 {Diagrama #} 55. Kg5
$6 (55. Rc6 Rxc6 56. Bxc6 Bc8 57. Kg5 $11) 55... Bc8 56. Bc6 Bxh3 $2 (56... Kf7
57. h4 Ke7 58. Rg6 Rc3 (58... Rc5 59. Be4 (59. h5 f3) 59... Rxc7 60. Rg7+ Kd6
61. Rxc7 Kxc7 62. h5 Bb7 63. Bd3 e4 64. Bb5 f3 65. Kf4 Bd5 66. h6 Bg8 $11) 59.
h5 f3 60. h6 f2 61. Bb5 Rg3+ 62. Kh5 Rh3+ 63. Kg5 a4 64. Rg7+ Kd6 65. Rf7 a3
66. Rxf2 Kxc7 $11) 57. Bd7 Rxc7 58. Bxh3 a4 59. Ra6 f3 60. Rxa4 f2 61. Ra2 Rf7
62. Bf1 e4 63. Re2 Re7 64. Rxf2 Rf7 1/2-1/2

[Event "36 Abierto Ciudad de Sevilla"]
[Site "?"]
[Date "2011.01.14"]
[Round "8"]
[White "Paunovic, Dragan"]
[Black "Pogorelov, Ruslan"]
[Result "1-0"]
[WhiteElo "2509"]
[BlackElo "2427"]
[PlyCount "57"]
[EventDate "2011.01.14"]
[SourceDate "2011.01.07"]

1. Nf3 Nf6 2. c4 e6 3. g3 d5 4. Bg2 dxc4 5. Qa4+ c6 6. Qxc4 b5 7. Qc2 Bb7 8.
O-O Nbd7 9. d3 Rc8 10. b3 Be7 11. Bb2 O-O 12. Nbd2 c5 13. Rac1 Nd5 14. Qb1 Bf6
15. d4 cxd4 16. Rxc8 Bxc8 17. Nxd4 Qb6 18. e3 Bb7 19. Rc1 Rd8 20. Ne4 Be7 21.
a3 h6 22. b4 a5 23. bxa5 Qxa5 24. Nc3 N7b6 25. Ndxb5 Na4 (25... Nc4) 26. Nxa4
Qxa4 27. Nc7 {Diagrama #} Nxc7 $2 (27... Bxa3) 28. Bxb7 Qb3 $2 29. Be5 1-0

[Event "36 Abierto Ciudad de Sevilla"]
[Site "?"]
[Date "2011.01.14"]
[Round "8"]
[White "Teske, Henrik"]
[Black "Alonso Garcia, Rene Marcial"]
[Result "1-0"]
[WhiteElo "2520"]
[BlackElo "2403"]
[PlyCount "119"]
[EventDate "2011.01.14"]
[SourceDate "2011.01.07"]

1. Nf3 Nf6 2. c4 e6 3. Nc3 d5 4. d4 Bb4 5. cxd5 exd5 6. Bg5 Nbd7 7. Rc1 c6 8.
a3 Bd6 9. e3 O-O 10. Bd3 Re8 11. O-O Nf8 12. Qc2 Ng6 13. Rfe1 Bg4 14. Nh4 Be7
15. h3 Bd7 16. Nxg6 hxg6 17. Bf4 Be6 18. Na4 Nd7 19. b4 Nb6 20. Nc5 Bxc5 21.
bxc5 Nc4 22. Qc3 b5 23. Bxc4 {Diagrama #} dxc4 (23... bxc4 24. e4 dxe4 25. Rxe4
Bd5 26. Rxe8+ Qxe8 $14) 24. e4 $16 Qd7 25. Rcd1 a5 26. Qf3 (26. Bd6) 26... Qb7
(26... b4 27. d5 Bxd5 28. exd5 Rxe1+ 29. Rxe1 Qxd5 $14) 27. d5 Bd7 28. Qc3 $18
f6 29. a4 Qa6 30. axb5 cxb5 31. c6 b4 32. Qc2 Bc8 33. g4 b3 34. Qc3 Qb5 35. Bd6
a4 36. Ba3 Rb8 37. Rd2 Qa6 38. Kg2 Kh7 39. Rd4 b2 40. Bxb2 Rb3 41. Qc2 Qb5 42.
Ba1 Ba6 43. c7 Qa5 44. d6 Qxe1 45. Rd1 Qa5 46. d7 Rc8 47. d8=Q c3 48. Rd5 Qb4
49. Qd6 Qc4 50. Kh2 Rxc7 51. Rd4 Qf1 52. Rd1 Qc4 53. Qd4 Qb5 54. e5 Rc4 55. Qe3
Bb7 56. Qg3 Be4 57. Qe2 g5 58. Bxc3 Rbxc3 59. Qxc3 Qc5 60. Qxe4+ 1-0

[Event "36 Abierto Ciudad de Sevilla"]
[Site "?"]
[Date "2011.01.14"]
[Round "8"]
[White "Razmyslov, Alexander"]
[Black "Corrales Jimenez, Fidel"]
[Result "0-1"]
[WhiteElo "2439"]
[BlackElo "2591"]
[Annotator "Corrales Jimenez"]
[PlyCount "76"]
[EventDate "2011.01.14"]
[SourceDate "2011.01.07"]

1. d4 Nf6 2. c4 c5 3. Nf3 cxd4 4. Nxd4 Nc6 5. Nc3 e6 6. a3 Bc5 7. e3 $6 {
Muy solida, mejor 7.Cb3} O-O 8. Be2 a6 9. O-O d5 10. cxd5 exd5 11. Nxc6 bxc6
12. Qa4 Bd7 13. Qh4 a5 {Evitando b4 del blanco.} 14. Bd3 Re8 15. Bd2 h6 16.
Rae1 $6 (16. b4 $142 $1 axb4 17. axb4 $15) 16... Rb8 $1 $17 17. Bc1 (17. e4
Rxb2 $19) 17... Bd6 18. h3 c5 19. Rd1 Bc6 (19... Re5 $5 20. f4 Re8 21. g4 d4
22. g5 dxc3 23. bxc3 (23. gxf6 cxb2 $19) 23... Nd5 $19 24. Bc4 Nb6 25. Bxf7+
Kxf7 26. Rxd6 Qe7 $19) 20. Bc2 Be5 {Buscando el cambio del alfil por el
caballo y dejando al blanco de casillas negras obsoleto.} 21. Ba4 $6 Bxa4 $1 (
21... Bxc3 $2 22. Bxc6 Re4 23. f4 (23. Qg3 Be5 (23... Bxb2 24. Bxd5 $1 Nxd5 25.
Rxd5 $16) 24. Qf3 $14 {Y las blancas liberan.}) 23... Qb6 (23... Bxb2 24. Bxb2
Rxb2 25. Bxd5 $1 $36) 24. Bxd5 Nxd5 $15) 22. Nxa4 (22. Qxa4 Bxc3 23. bxc3 c4
$17) 22... c4 23. f3 $6 (23. f4 Bd6 24. Nc3 Bc5 25. Qg3 Qd7 $17) 23... Qc7 24.
Nc3 $4 (24. f4 Bd6 $17) 24... d4 $1 {Ahora la dama tiene problemas.} 25. f4
dxc3 26. fxe5 Qxe5 27. bxc3 Ne4 28. Rd7 Rb1 $1 29. Qe1 (29. Rdxf7 Rxc1 30.
Rxg7+ Kxg7 31. Rxc1 Qg5 $19) (29. Rd8 Rxd8 30. Qxd8+ Kh7 31. Qd7 Qe6 $1 $19)
29... Ng3 $1 30. Rf2 (30. Rfxf7 Rxc1 $19) (30. Qf2 Nxf1 31. Qxf7+ Kh8 32. Qxf1
Qxc3 $19) 30... Qxe3 $1 31. Qxe3 (31. Bxe3 Rxe1+ 32. Kh2 R8xe3 33. Rfxf7 Rh1#)
31... Rxe3 32. Rfxf7 Rxc1+ 33. Kf2 Rf1+ 34. Kxe3 Rxf7 35. Rxf7 Kxf7 36. Kd4 Ke6
37. Kxc4 Ne2 $1 {Quitando cualquier posibilidad,} 38. a4 Kd6 {
Comentarios de Corrales para P Belleza} 0-1

[Event "36 Abierto Ciudad de Sevilla"]
[Site "?"]
[Date "2011.01.15"]
[Round "9"]
[White "Corrales Jimenez, Fidel"]
[Black "Fernando Romero, Ernesto"]
[Result "1/2-1/2"]
[WhiteElo "2591"]
[BlackElo "2453"]
[PlyCount "32"]
[EventDate "2011.01.15"]
[SourceDate "2011.01.07"]

1. e4 e6 2. d4 d5 3. Nc3 Nf6 4. Bg5 Bb4 5. e5 h6 6. Bd2 Bxc3 7. bxc3 Ne4 8. Bd3
Nxd2 9. Qxd2 c5 10. Nf3 Qa5 11. c4 Qxd2+ 12. Kxd2 dxc4 13. Bxc4 Ke7 14. Ke3
cxd4+ 15. Nxd4 Nc6 16. f4 Nxd4 {Diagrama #} 1/2-1/2

[Event "36 Abierto Ciudad de Sevilla"]
[Site "?"]
[Date "2011.01.15"]
[Round "9"]
[White "Gonzalez Garcia, Jose"]
[Black "Teske, Henrik"]
[Result "1/2-1/2"]
[WhiteElo "2503"]
[BlackElo "2520"]
[PlyCount "22"]
[EventDate "2011.01.15"]
[SourceDate "2011.01.07"]

1. d4 d5 2. c4 e6 3. Nf3 Nf6 4. Nc3 c5 5. cxd5 Nxd5 6. e4 Nxc3 7. bxc3 cxd4 8.
cxd4 Bb4+ 9. Bd2 Bxd2+ 10. Qxd2 O-O 11. Bc4 b6 {Diagrama #} 1/2-1/2

[Event "36 Abierto Ciudad de Sevilla"]
[Site "?"]
[Date "2011.01.15"]
[Round "9"]
[White "Lemos, Damian"]
[Black "Paunovic, Dragan"]
[Result "1-0"]
[WhiteElo "2553"]
[BlackElo "2509"]
[PlyCount "49"]
[EventDate "2011.01.15"]
[SourceDate "2011.01.07"]

1. d4 d6 2. Nf3 Bg4 3. e4 e6 4. Be2 Nf6 5. Nc3 Be7 6. Be3 O-O 7. Nd2 Bxe2 8.
Qxe2 d5 9. e5 Nfd7 10. Qg4 Kh8 11. Ne2 c5 12. c3 Nc6 13. O-O Qb6 14. b3 cxd4
15. cxd4 Nb4 16. Nf4 f5 17. exf6 Rxf6 18. Nf3 g6 19. Ne5 Nf8 20. Rfc1 Nc6 21.
h4 Rf5 22. h5 Nxe5 23. dxe5 Qd8 24. hxg6 hxg6 25. Rc3 {Diagrama # Ilegible} 1-0

[Event "36 Abierto Ciudad de Sevilla"]
[Site "?"]
[Date "2011.01.15"]
[Round "9"]
[White "Dizdar, Goran"]
[Black "Garcia Jimenez, Fco Javie"]
[Result "1-0"]
[WhiteElo "2544"]
[BlackElo "2274"]
[PlyCount "47"]
[EventDate "2011.01.15"]
[SourceDate "2011.01.07"]

1. d4 Nf6 2. Nf3 e6 3. g3 d5 4. c4 b6 5. Bg2 Bb7 6. Ne5 Bd6 7. Nc3 Nbd7 8. Bf4
O-O 9. O-O Qe7 10. Rc1 Rac8 11. Qa4 a6 12. Nxd7 Nxd7 13. cxd5 Bxf4 14. gxf4 Nf6
15. dxe6 Bxg2 16. exf7+ Qxf7 17. Kxg2 Ng4 18. Qb3 Qxb3 19. axb3 Rxf4 20. Nd5
Rf7 21. f3 Rd8 22. fxg4 Rxf1 23. Ne7+ Kf7 24. Kxf1 {Diagrama #} 1-0

[Event "36 Abierto Ciudad de Sevilla"]
[Site "?"]
[Date "2011.01.15"]
[Round "9"]
[White "Saric, Ante"]
[Black "Rizouk, Aimen"]
[Result "1/2-1/2"]
[WhiteElo "2482"]
[BlackElo "2539"]
[PlyCount "27"]
[EventDate "2011.01.15"]
[SourceDate "2011.01.07"]

1. d4 Nf6 2. c4 e6 3. g3 d5 4. Bg2 Be7 5. Nf3 O-O 6. O-O dxc4 7. Qc2 a6 8. Qxc4
b5 9. Qc2 Bb7 10. Bd2 Be4 11. Qc1 Bb7 12. Qc2 Be4 13. Qc1 Bb7 14. Qc2 {
Diagrama #} 1/2-1/2

[Event "36 Abierto Ciudad de Sevilla"]
[Site "?"]
[Date "2011.01.15"]
[Round "9"]
[White "Ladron de Guevara Pinto, Paolo"]
[Black "Lalic, Bogdan"]
[Result "0-1"]
[WhiteElo "2267"]
[BlackElo "2491"]
[PlyCount "102"]
[EventDate "2011.01.15"]
[SourceDate "2011.01.07"]

1. e4 c6 2. d4 d5 3. Nc3 g6 4. h4 dxe4 5. Nxe4 Bg7 6. Be3 Qa5+ 7. c3 Nf6 8.
Nxf6+ Bxf6 9. h5 Nd7 10. hxg6 hxg6 11. Rxh8+ Bxh8 12. b4 Qc7 13. Qd2 Nb6 14. c4
Be6 15. Qc2 a5 16. bxa5 Nd7 17. Nf3 Qxa5+ 18. Qd2 c5 19. a4 Bg4 20. Qxa5 Rxa5 {
Diagrama #} 21. Rb1 Bxf3 22. gxf3 cxd4 23. Bc1 Be5 24. Rxb7 Rxa4 25. Bb2 d3 26.
Rxd7 Bxb2 27. Rxd3 Ba3 28. Bh3 e6 29. Rb3 Bc5 30. Rb8+ Ke7 31. Bf1 Ra1+ 32. Ke2
Ra2+ 33. Kd3 Bxf2 34. Rb7+ Kf6 35. Rb5 Ra3+ 36. Ke2 Bd4 37. c5 Re3+ 38. Kf2
Rc3+ 39. Kg3 Bxc5 40. Rb2 Bd6+ 41. Kg2 Kg5 42. Rd2 Bc5 43. Re2 Be3 44. Ra2 f5
45. Bb5 e5 46. Be8 Rc8 47. Bb5 Kf4 48. Ra4+ Bd4 49. Bd3 Rc3 50. Be2 Rc2 51. Kf1
Kg3 0-1

[Event "36 Abierto Ciudad de Sevilla"]
[Site "?"]
[Date "2011.01.15"]
[Round "9"]
[White "Blanco Perez, David"]
[Black "Komljenovic, Davorin"]
[Result "0-1"]
[WhiteElo "2119"]
[BlackElo "2457"]
[PlyCount "74"]
[EventDate "2011.01.15"]
[SourceDate "2011.01.07"]

1. b3 d5 2. Bb2 c5 3. e3 Nc6 4. Nf3 Nf6 5. d4 Bg4 6. Be2 g6 7. Ne5 Bxe2 8. Qxe2
Bg7 9. O-O O-O 10. Nd2 Rc8 11. c4 cxd4 12. Nxc6 bxc6 13. exd4 Re8 14. Rac1 Nd7
15. cxd5 cxd5 16. Qa6 Bh6 17. Rxc8 Qxc8 18. Qd3 Nb8 19. Nf3 Qa6 20. Qb1 Rc8 21.
Re1 e6 22. h4 Nc6 23. a3 Na5 24. Qd1 Rb8 25. b4 Nc4 26. Bc1 Bxc1 27. Qxc1 Qxa3
28. Qh6 Qxb4 29. Ng5 {Diagrama #} Qxe1+ 30. Kh2 Qxf2 31. Qxh7+ Kf8 32. Qh8+ Ke7
33. Qxb8 Qxh4+ 34. Nh3 Qxd4 35. Qc7+ Kf8 36. Qd8+ Kg7 37. Ng5 Qf6 0-1

[Event "36 Abierto Ciudad de Sevilla"]
[Site "?"]
[Date "2011.01.15"]
[Round "9"]
[White "Sengupta, Deep"]
[Black "Mirzoev, Azer"]
[Result "1/2-1/2"]
[WhiteElo "2530"]
[BlackElo "2563"]
[PlyCount "49"]
[EventDate "2011.01.15"]
[SourceDate "2011.01.07"]

1. e4 c6 2. d4 d5 3. e5 Bf5 4. Nd2 e6 5. Nb3 Nd7 6. Nf3 Bg6 7. Be2 Nh6 8. O-O
Be7 9. a4 O-O 10. a5 c5 11. a6 bxa6 12. Na5 Qc7 13. c4 Be4 14. Bxh6 gxh6 15.
cxd5 Bxd5 16. Qd2 Kg7 17. Nc4 cxd4 18. Qxd4 Bc5 19. Qg4+ Kh8 20. Qf4 Kg8 21. b4
{Diagrama #} Bxc4 22. Qxc4 Bb6 23. Qf4 Qc2 24. Bxa6 Qg6 25. g3 {Ilegible}
1/2-1/2

[Event "36 Abierto Ciudad de Sevilla"]
[Site "?"]
[Date "2011.01.15"]
[Round "9"]
[White "Spraggett, Kevin"]
[Black "Burgos Figueroa, Carlos E."]
[Result "1-0"]
[WhiteElo "2575"]
[BlackElo "2280"]
[PlyCount "93"]
[EventDate "2011.01.15"]
[SourceDate "2011.01.07"]

1. c4 c5 2. Nc3 Nc6 3. g3 g6 4. Bg2 Bg7 5. e3 e5 6. a3 a5 7. Nge2 Nge7 8. d3 d6
9. Rb1 O-O 10. O-O Be6 11. Nd5 Rb8 12. Nec3 b6 13. h3 Qd7 14. Kh2 f5 15. f4 Kh8
16. Qa4 Rfd8 17. Bd2 Bg8 18. Qc2 exf4 19. gxf4 Nxd5 20. cxd5 Ne7 21. a4 Nc8 22.
Nb5 Na7 23. Na3 Re8 24. Nc4 Nc8 25. Rfe1 b5 26. axb5 Rxb5 27. Bxa5 Qb7 28. e4
fxe4 29. dxe4 Rf8 30. Bd2 Bd4 31. b3 Qg7 32. Rf1 Rb7 33. Rf3 Bf7 34. Na5 Rc7
35. Nc6 Bf6 36. e5 Bh4 37. Rff1 {Diagrama #} Rxc6 38. dxc6 dxe5 39. Qxc5 Bf6
40. Bc3 Re8 41. fxe5 Bxe5+ 42. Qxe5 Rxe5 43. Rbe1 Rxe1 44. Bxg7+ Kxg7 45. Rxe1
Bxb3 46. Re8 Nd6 47. Rd8 1-0

[Event "36 Abierto Ciudad de Sevilla"]
[Site "?"]
[Date "2011.01.15"]
[Round "9"]
[White "Das, Arghyadip"]
[Black "Sgnaolin, Davide"]
[Result "1-0"]
[WhiteElo "2479"]
[BlackElo "2290"]
[PlyCount "73"]
[EventDate "2011.01.15"]
[SourceDate "2011.01.07"]

1. e4 c5 2. Nf3 Nc6 3. d4 cxd4 4. Nxd4 g6 5. Nc3 Bg7 6. Be3 Nf6 7. Bc4 O-O 8.
Bb3 a5 9. O-O d6 10. Ndb5 a4 11. Nxa4 Nxe4 12. Qe2 Ra6 13. Rfd1 Bd7 14. c4 Qb8
15. Bb6 Nf6 16. Bc7 Qe8 17. Bb6 Qb8 18. Rac1 Rc8 19. c5 d5 20. Nac3 Ng4 21. g3
d4 22. Nd5 Qe5 23. Qxe5 Ngxe5 24. f4 Ng4 25. Nbc7 e6 26. Nxa6 bxa6 27. Nc7 Ne3
28. Rd2 e5 29. Nd5 exf4 30. gxf4 Bf5 31. Re1 {Diagrama #} Re8 32. Ba4 Re4 33.
Bxc6 Nxd5 34. Rxe4 Bxe4 35. Re2 Nxb6 36. Bxe4 Nc4 37. Rc2 1-0

[Event "36 Abierto Ciudad de Sevilla"]
[Site "?"]
[Date "2011.01.14"]
[Round "8"]
[White "Kierzek, Mira"]
[Black "Suarez Pozo, Juan Carlos"]
[Result "1-0"]
[WhiteElo "2048"]
[BlackElo "1861"]
[PlyCount "64"]
[EventDate "2011.01.10"]
[SourceDate "2011.01.07"]

1. d4 Nf6 2. Nf3 d5 3. c4 e6 4. e3 Be7 5. Bd3 O-O 6. O-O b6 7. Nc3 Bb7 8. a3 a5
9. Ne5 Nbd7 10. f4 {el centro de la MF parece dominante pero hay que apaciguar
sus ansias de dominio} Ne4 11. Qa4 Nxe5 12. fxe5 {jugada con valentía} f5 13.
exf6 Rxf6 14. Nxe4 {parece natural ?pero cuándo jugará la Ta1} Rxf1+ $1 15.
Bxf1 dxe4 16. Qc2 c5 $1 17. Qc3 Bf6 $1 18. Qb3 cxd4 19. exd4 $2 {el error defin
itivo, a partir de aquí los 14 movimientos siguientes los firmaría el mejor MF,
por eso obvio los comentarios} Bxd4+ 20. Be3 a4 21. Qc2 Bxe3+ 22. Kh1 Qd2 23.
Qd1 Qxd1 24. Rxd1 e5 25. Be2 Bd4 26. Rb1 Rf8 27. h3 Rf2 28. Bg4 e3 29. Be6+ Kf8
30. Bd5 Bxd5 31. cxd5 e2 32. Kg1 Rf1+ {También es bello ver ganar a jugadores
de menor nivel de forma magistral. Comentarios de Suarez para P Belleza} 1-0

[Event "36 Abierto Ciudad de Sevilla"]
[Site "?"]
[Date "2011.01.15"]
[Round "9"]
[White "Morales Araujo, Fco Javier"]
[Black "Barrantes Muñoz, Hugo"]
[Result "1-0"]
[WhiteElo "2106"]
[BlackElo "2213"]
[PlyCount "85"]
[EventDate "2011.01.10"]
[SourceDate "2011.01.07"]

1. d4 Nf6 2. c4 e6 3. Nc3 c5 4. d5 exd5 5. cxd5 d6 6. e4 g6 7. f4 Bg7 8. Bb5+
Nfd7 9. a4 Qh4+ 10. g3 Qd8 11. Nf3 O-O 12. O-O a6 13. Bd3 Nf6 14. f5 gxf5 15.
exf5 c4 16. Bc2 Qb6+ 17. Kh1 Nbd7 18. a5 Qc5 19. Ng5 b5 20. Nge4 Qc7 21. Bf4 b4
22. Bxd6 Qb7 23. Bxf8 Bxf8 24. Nxf6+ Nxf6 25. Ne4 Nxd5 26. Qg4+ Kh8 27. Rae1
Bd7 28. h3 b3 29. Bb1 c3 30. bxc3 Nxc3 31. Kh2 Nxe4 32. Rxe4 f6 33. Qh4 Qc6 34.
Re6 Qb5 35. Rf2 Qc5 36. Rfe2 Bb5 37. Rg2 Qc1 38. Be4 Rc8 39. Qxf6+ Bg7 40. Qf7
Rf8 41. Qh5 Bf6 42. Re7 Bxe7 43. f6 1-0